U.S. Propertywatch (Record no. 119316)

MARC details
000 -LEADER
fixed length control field 01129cas a22002535 4500
001 - CONTROL NUMBER
control field L152495
008 - FIXED-LENGTH DATA ELEMENTS--GENERAL INFORMATION
fixed length control field 111219c2011 xxuqr ws s 0 a0eng u
035 ## - SYSTEM CONTROL NUMBER
System control number (Sirsi) u152495
041 0# - LANGUAGE CODE
Language code of text/sound track or separate title eng
050 ## - LIBRARY OF CONGRESS CALL NUMBER
Classification number 333.33 $2 18
110 2# - MAIN ENTRY--CORPORATE NAME
Corporate name or jurisdiction name as entry element CBRE Global Investors
9 (RLIN) 5985
245 00 - TITLE STATEMENT
Title U.S. Propertywatch
Medium [electronic resource]
260 ## - PUBLICATION, DISTRIBUTION, ETC.
Place of publication, distribution, etc. [S.l.]
Name of publisher, distributor, etc. CBRE Investors
Date of publication, distribution, etc. 2011
362 0# - DATES OF PUBLICATION AND/OR SEQUENTIAL DESIGNATION
Dates of publication and/or sequential designation Current issue only
490 #0 - SERIES STATEMENT
Series statement CBRE Global Investors U.S. Propertywatch
Volume/sequential designation Fall 2011-
520 ## - SUMMARY, ETC.
Summary, etc. Provides an overview of the US property investment market covering the NCREIF Property Index, office, industrial, retail, full-service hotel, apartment and for-sale residential sectors.
554 ## -
-- Two per year
650 24 - SUBJECT ADDED ENTRY--TOPICAL TERM
Topical term or geographic name entry element CBRE GLOBAL INVESTORS U.S. PROPERTYWATCH
651 #4 - SUBJECT ADDED ENTRY--GEOGRAPHIC NAME
Geographic name United States
Chronological subdivision 1959-
690 ## - LOCAL SUBJECT ADDED ENTRY--TOPICAL TERM (OCLC, RLIN)
Topical term or geographic name as entry element PROPERTY-COMMERCIAL PROPERTY-COMMERCIAL PROPERTY MARKET
690 ## - LOCAL SUBJECT ADDED ENTRY--TOPICAL TERM (OCLC, RLIN)
Topical term or geographic name as entry element PROPERTY-COMMERCIAL PROPERTY-COMMERCIAL PROPERTY FINANCE AND INVESTMENT
856 40 - ELECTRONIC LOCATION AND ACCESS
Uniform Resource Identifier <a href="https://www.cbreglobalinvestors.com/research/publications/Pages/propertywatch.aspx ">https://www.cbreglobalinvestors.com/research/publications/Pages/propertywatch.aspx </a>
Public note View the report free of charge at www.cbreglobalinvestors.com
942 ## - ADDED ENTRY ELEMENTS (KOHA)
Suppress in OPAC 0
Holdings
Withdrawn status Lost status Source of classification or shelving scheme Damaged status Not for loan Home library Current library Shelving location Date acquired Total Checkouts Full call number Barcode Date last seen Copy number Price effective from Koha item type
    Dewey Decimal Classification     Virtual Virtual Online 18/03/2011   ONLINE PUBLICATION 152495-2001 06/08/2019 1 06/08/2019 Book